000 01240nam a2200265Ia 4500
999 _c38625
_d38625
001 4807
003 GE_BSU
005 20190808105733.0
008 181216s2007||||ge |||||||||||||| ||geo||
020 _a9789994031955
040 _cGE_BSU
041 _ageo
080 _a811.14'01'36 + 811.124’36 გ-51
100 _aგიორგობიანი, თინათინ
_93445
245 _aკლასიკური ენები : ძველი ბერძნული და ლათინური /
_cთინათინ გიორგობიანი, იამზე გაგუა ; რედ. რისმაგ გორდეზიანი
264 _aთბილისი :
_bლოგოსი ;
_c2007.
300 _a280 გვ. ;
_c24 სმ.
541 _h15ლ.
653 _aკლასიკური ენები : ძველი ბერძნული და ლათინური
653 _aძველი ბერძნული
653 _aლათინური
700 _aგაგუა, იამზე
_eავტორი
_91988
700 _aგორდეზიანი, რისმაგ
_eრედაქტორი
_93462
942 _cBK
_2udc